| 000 | 00498nam a22001697a 4500 | ||
|---|---|---|---|
| 008 | 150608b xxu||||| |||| 00| 0 eng d | ||
| 020 | _a1890151912 | ||
| 041 | 0 | _aeng | |
| 080 | _a291.4 | ||
| 100 | 1 |
_aTempleton, John, _d1912-2008. |
|
| 245 | 1 | 0 |
_aWisdom from world religions : _cJohn Templeton. |
| 260 |
_aPhiladelphia : _bTempleton Foundation Press, _cc2002. |
||
| 300 |
_a352 f. ; _c28 cm. |
||
| 650 | 0 | _aJeta shpirtërore | |
| 650 | 0 | _aFeja | |
| 942 |
_2udc _cBK |
||
| 999 |
_c1006 _d1006 |
||